000 00494nam a2200181Ia 4500
003 GCL
008 140319s9999 xx 000 0 eng d
040 _aGCL /
_cGCL
082 0 4 _a616.025
_bS C
100 1 _aHO. MARY T.
245 1 0 _aCURRENT: EMERGENCY DIAGNOSIS & TREATMENT, 4TH EDITION /
_cHO. MARY T.
700 1 _aSAUNDERS, CHARLES E.
260 _a[S.N] :
_bAPPLETON & LANGE ،
_c1992
300 _a1015 P
650 0 4 _aTREATMENT
650 0 4 _aEMERGENCY DIAGNOSIS
942 _2ddc
_cBK
999 _c16952
_d16952